Quy hoạch tuyến tính ( Giáo trình hoàn chỉnh : lý thuyết cơ bản, phương pháp đơn hình... )
Αποθηκεύτηκε σε:
| Κύριος συγγραφέας: | |
|---|---|
| Άλλοι συγγραφείς: | |
| Μορφή: | Βιβλίο |
| Έκδοση: |
H.
Giáo dục
2000
|
| Θέματα: | |
| Ετικέτες: |
Προσθήκη ετικέτας
Δεν υπάρχουν, Καταχωρήστε ετικέτα πρώτοι!
|
| Thư viện lưu trữ: | Trung tâm Học liệu Lê Vũ Hùng, Trường Đại học Đồng Tháp |
|---|
| LEADER | 00854pam a22002418a 4500 | ||
|---|---|---|---|
| 001 | 00016959 | ||
| 005 | 20171026081022.0 | ||
| 008 | 110415s2000 ||||||Viesd | ||
| 041 | 0 | # | |a Vie |
| 082 | 1 | 4 | |a 512 |b QU600H |
| 100 | 0 | # | |a Phan Quốc Khánh |
| 245 | 0 | 0 | |a Quy hoạch tuyến tính |b ( Giáo trình hoàn chỉnh : lý thuyết cơ bản, phương pháp đơn hình... ) |c Phan Quốc Khánh, Trần Huệ Nương |
| 260 | # | # | |a H. |b Giáo dục |c 2000 |
| 300 | # | # | |a 457 tr. |c 21 cm. |
| 653 | # | # | |a Ellipsoid |
| 653 | # | # | |a Toán |
| 653 | # | # | |a Thuật toán |
| 653 | # | # | |a Lý thuyết đối ngẫu |
| 700 | 0 | # | |a Trần Huệ Nương |
| 852 | # | # | |j KD.0002328 |
| 852 | # | # | |b Kho đọc |j KD.0002328 |
| 910 | |d 15/04/2011 | ||
| 980 | # | # | |a Trung tâm Học liệu Lê Vũ Hùng, Trường Đại học Đồng Tháp |